Central Library and Information Centre
Sibsagar Girls' College, Sivasagar : Assam

ENCYCLOPEADIA OF INDIA`S STRUGGLE FOR FREEDOM (Record no. 2074)

MARC details
000 -LEADER
fixed length control field 00458cam a2200181ua 4500
008 - FIXED-LENGTH DATA ELEMENTS--GENERAL INFORMATION
fixed length control field 131125n II |||gr||||Z||||||eng
040 ## - CATALOGING SOURCE
Original cataloging agency MAIN
041 ## - LANGUAGE CODE
-- English
082 ## - DEWEY DECIMAL CLASSIFICATION NUMBER
Classification number 030.954.035 SAR
100 ## - MAIN ENTRY--PERSONAL NAME
Personal name SARMAH, JAGDISH .
245 ## - TITLE STATEMENT
Title ENCYCLOPEADIA OF INDIA`S STRUGGLE FOR FREEDOM
250 ## - EDITION STATEMENT
Edition statement 1ST.
260 ## - PUBLICATION, DISTRIBUTION, ETC.
Place of publication, distribution, etc. NEW DELHI:
Name of publisher, distributor, etc. S.CHAND & COMPANY,
Date of publication, distribution, etc. 1971.
300 ## - PHYSICAL DESCRIPTION
Extent 253:
Dimensions 22CM.
942 ## - ADDED ENTRY ELEMENTS (KOHA)
Koha item type Books
653 ## - INDEX TERM--UNCONTROLLED
Uncontrolled term Freedom Movement of India
Holdings
Withdrawn status Lost status Damaged status Not for loan Collection code Home library Current library Shelving location Date acquired Full call number Barcode Date last seen Copy number Price effective from Koha item type
          Central Library and Information Centre Sibsagar Girls College Central Library and Information Centre Sibsagar Girls College Encyclopedia 20.06.1970 030.954.035 SAR 02353 27.02.2020 1 27.02.2020 Books


Sibsagar Girl's College © 2020. All rights reserved.
Powered by Koha.
Maintained by Abhijit Borpuzari.